000 00328nam a22001337a 4500
020 _qPB.
040 _cFIZZA ISHAQ
082 _a690.837
_bGOR
100 _aNULL,WILLIAM GORE.
_989076
245 _aSO YOU WANT TO BUILD A HOUSE /
_cGORE WILLIAM NULL.
260 _aMC GRAW HILL
_c2006
300 _a108 P. ;
942 _2ddc
_cBK
999 _c587916
_d587916